Introduction to computers / (Record no. 20860)
[ view plain ]
| 000 -LEADER | |
|---|---|
| fixed length control field | 00861nam a22002775a 4500 |
| 005 - DATE AND TIME OF LATEST TRANSACTION | |
| control field | 20201128023556.0 |
| 008 - FIXED-LENGTH DATA ELEMENTS--GENERAL INFORMATION | |
| fixed length control field | 150928t2006 nyua frd 001 0 eng d |
| 020 ## - INTERNATIONAL STANDARD BOOK NUMBER | |
| International Standard Book Number | 9780071313797 |
| 020 ## - INTERNATIONAL STANDARD BOOK NUMBER | |
| International Standard Book Number | 0071313796 |
| 040 ## - CATALOGING SOURCE | |
| Original cataloging agency | EG-ScBUE |
| Language of cataloging | eng |
| Transcribing agency | EG-ScBUE |
| 082 04 - DEWEY DECIMAL CLASSIFICATION NUMBER | |
| Classification number | 004 |
| Item number | NOR |
| Edition number | 22 |
| 100 1# - MAIN ENTRY--PERSONAL NAME | |
| Personal name | Norton, Peter, |
| Dates associated with a name | 1943- |
| 9 (RLIN) | 38439 |
| 245 10 - TITLE STATEMENT | |
| Title | Introduction to computers / |
| Statement of responsibility, etc | Peter Norton. |
| 246 3# - VARYING FORM OF TITLE | |
| Title proper/short title | Peter Norton's introduction to computers |
| 250 ## - EDITION STATEMENT | |
| Edition statement | 6th ed. |
| 260 ## - PUBLICATION, DISTRIBUTION, ETC. (IMPRINT) | |
| Place of publication, distribution, etc | New York : |
| Name of publisher, distributor, etc | McGraw-Hill Technology Education, |
| Date of publication, distribution, etc | c.2006. |
| 300 ## - PHYSICAL DESCRIPTION | |
| Extent | xxviii, 656 p. : |
| Other physical details | ill. (col.) ; |
| Dimensions | 30 cm. |
| 500 ## - GENERAL NOTE | |
| General note | Glossary : p. 605-635. |
| 500 ## - GENERAL NOTE | |
| General note | Index : p. 639-656. |
| 650 #7 - SUBJECT ADDED ENTRY--TOPICAL TERM | |
| Source of heading or term | BUEsh |
| 9 (RLIN) | 1995 |
| Topical term or geographic name as entry element | Computers. |
| 650 #0 - SUBJECT ADDED ENTRY--TOPICAL TERM | |
| Topical term or geographic name as entry element | Computer software |
| Source of heading or term | BUEsh |
| 651 ## - SUBJECT ADDED ENTRY--GEOGRAPHIC NAME | |
| Source of heading or term | BUEsh |
| 653 ## - INDEX TERM--UNCONTROLLED | |
| Resource For college | BAEPS, Business Administration |
| -- | Informatics and Computer Science |
| Arrived date list | September2015 |
| 655 ## - INDEX TERM--GENRE/FORM | |
| Form subdivision | Text book |
| -- | 33728 |
| 942 ## - ADDED ENTRY ELEMENTS (KOHA) | |
| Source of classification or shelving scheme | Dewey Decimal Classification |
| Call number prefix | 004 NOR |
| Withdrawn status | Item status | Source of classification or shelving scheme | Damaged status | Not for loan | Vendor | Home library | Current library | Shelving location | Date acquired | Source of acquisition | Total Checkouts | Full call number | Barcode | Date last seen | Koha item type | Total Renewals | Date last borrowed | Cost, normal purchase price | Cost, replacement price |
|---|---|---|---|---|---|---|---|---|---|---|---|---|---|---|---|---|---|---|---|
| Dewey Decimal Classification | Baccah | Central Library | Central Library | Lower Floor | 28/09/2015 | Purchase | 004 NOR | 000030944 | 15/07/2025 | NB - Book (Non borrowing) | |||||||||
| Dewey Decimal Classification | Baccah | Central Library | Central Library | Lower Floor | 28/09/2015 | Purchase | 13 | 004 NOR | 000030945 | 15/07/2025 | Book - Borrowing | 9 | 15/12/2016 | ||||||
| Dewey Decimal Classification | Baccah | Central Library | Central Library | Lower Floor | 28/09/2015 | Purchase | 12 | 004 NOR | 000030946 | 15/07/2025 | Book - Borrowing | 25 | 26/09/2018 | ||||||
| Dewey Decimal Classification | Baccah | Central Library | Central Library | Lower Floor | 26/10/2015 | Purchase | 10 | 004 NOR | 000031117 | 15/07/2025 | Book - Borrowing | 25 | 12/12/2018 | ||||||
| Dewey Decimal Classification | Baccah | Central Library | Central Library | Lower Floor | 26/10/2015 | Purchase | 11 | 004 NOR | 000031118 | 15/07/2025 | Book - Borrowing | 17 | 18/12/2018 | ||||||
| Dewey Decimal Classification | Baccah | Central Library | Central Library | Lower Floor | 26/10/2015 | Purchase | 9 | 004 NOR | 000031119 | 15/07/2025 | Book - Borrowing | 74 | 23/12/2018 | ||||||
| Dewey Decimal Classification | Baccah | Central Library | Central Library | Lower Floor | 26/10/2015 | Purchase | 4 | 004 NOR | 000031120 | 22/12/2015 | Book - Borrowing | 22/12/2015 | 780.00 | 975.00 | |||||
| Dewey Decimal Classification | Baccah | Central Library | Central Library | Lower Floor | 26/10/2015 | Purchase | 8 | 004 NOR | 000031171 | 15/07/2025 | Book - Borrowing | 15 | 18/12/2018 | ||||||
| Dewey Decimal Classification | Baccah | Central Library | Central Library | Lower Floor | 26/10/2015 | Purchase | 9 | 004 NOR | 000031170 | 15/07/2025 | Book - Borrowing | 21 | 23/12/2018 | ||||||
| Dewey Decimal Classification | Baccah | Central Library | Central Library | Lower Floor | 26/10/2015 | Purchase | 9 | 004 NOR | 000031169 | 15/07/2025 | Book - Borrowing | 5 | 12/01/2019 |